Loading...
Social Science | 0 | 2 | 0 | 0 | 20 | 107 | 117.50 | 1 | 2 |
Fine Arts - Visual Fine Arts | 0 | 2 | 0 | 1 | 20 | 119 | 140.50 | 0 | 0 |
Literature - American Literature | 0 | 2 | 0 | 0 | 20 | 130 | 138.00 | 0 | 0 |
Fine Arts - Other Fine Arts | 1 | 0 | 0 | 0 | 15 | 49 | 49.00 | 0 | 1 |
History - Other History | 0 | 1 | 0 | 1 | 10 | 141 | 141.00 | 0 | 0 |
Literature - British Literature | 0 | 1 | 0 | 0 | 10 | 142 | 142.00 | 0 | 0 |
Literature - European Literature | 0 | 1 | 0 | 0 | 10 | 121 | 121.00 | 0 | 1 |
Literature - World Literature | 0 | 1 | 0 | 0 | 10 | 95 | 95.00 | 0 | 1 |
Science - Physics | 0 | 1 | 0 | 0 | 10 | 107 | 107.00 | 0 | 1 |
History - European History | 0 | 0 | 1 | 0 | -5 | 0.00 | 0 | 0 | |
Fine Arts - Classical Music and Opera | 0 | 1 | 5 | 1 | -15 | 156 | 156.00 | 0 | 0 |